|
|
|
|
| LEADER |
00000nab a2200000 a 4500 |
| 001 |
vtls000302189 |
| 003 |
SK-MaSNL |
| 005 |
20260305010407.0 |
| 008 |
230217c1987 xo 0 slo |
| 015 |
|
|
|a SNBRB19rr/mm-uuuuu
|
| 035 |
|
|
|a CL0312308
|
| 035 |
|
|
|a urn:nbn:sk:snk-ab2gf9
|
| 035 |
|
|
|a (urnnbn)urn:nbn:sk:snk:ar-a02e5f
|
| 035 |
|
|
|a (uuid)78492c1b-fee2-41d3-aa76-763431816254
|
| 040 |
|
|
|a SNKBUCL
|b slo
|c SNKBUCL
|e AACR2
|
| 041 |
0 |
|
|a slo
|
| 044 |
|
|
|a xo
|c SK
|
| 080 |
|
|
|a 330.342.151:308
|2 1981
|
| 080 |
|
|
|a 308
|2 1981
|
| 080 |
|
|
|a 338.2(437)
|2 1981
|
| 100 |
1 |
|
|a Přívara, Jan,
|d 1929-
|4 aut
|9 216192
|
| 245 |
1 |
0 |
|a Prestavba hospodárskeho mechanizmu - základný predpoklad urýchlenia sociálno-ekonomického rozvoja socialistickej spoločnosti
|c Jan Přívara
|
| 300 |
|
|
|b Lit. 2 zázn. v slov.
|
| 650 |
0 |
7 |
|a mechanizmus hospodársky
|2 snkbucl
|9 385380
|
| 650 |
0 |
7 |
|a rozvoj sociálno-ekonomický
|2 snkbucl
|9 514103
|
| 650 |
0 |
7 |
|a ČSSR
|2 snkbucl
|9 335647
|
| 655 |
|
7 |
|a články z novín a časopisov
|2 snkbucl
|9 267496
|
| 773 |
0 |
|
|t Ekonomické rozhľady
|g Roč. 20, č. 5 (1987), s. 110-116
|
| 850 |
|
|
|a Slovenská národná knižnica v Martine
|a MTA001
|
| 852 |
|
|
|a SNK
|b KIS3GCP
|
| 954 |
|
|
|a odborná, vedecká literatúra pôvodná (slovenská)
|2 lita
|
| 958 |
|
|
|a RK
|
| 958 |
|
|
|a OND
|
| 958 |
|
|
|a EUIPO
|
| 958 |
|
|
|a article27
|
| 992 |
|
|
|a RBX
|
| 999 |
|
|
|c 3246439
|d 3248369
|